BIBLIOTECA PODER JUDICIAL
Portal Judicial TDF

Manual de derecho administrativo / (Registro nro. 283)

000 -LEADER
fixed length control field 01542nam a22002417a 4500
003 - CONTROL NUMBER IDENTIFIER
control field OSt
005 - DATE AND TIME OF LATEST TRANSACTION
control field 20181129094244.0
008 - FIXED-LENGTH DATA ELEMENTS--GENERAL INFORMATION
fixed length control field 180305b xxu||||| |||| 00| 0 spa d
020 ## - INTERNATIONAL STANDARD BOOK NUMBER
International Standard Book Number 9502107357
040 ## - CATALOGING SOURCE
Transcribing agency PJ
100 ## - ASIENTO PRINCIPAL - NOMBRE DE PERSONA
9 (RLIN) 55
Personal name Diez, Manuel María
245 ## - MENCIÓN DE TÍTULO
Título propiamente dicho Manual de derecho administrativo /
Mención de responsabilidad, etc Manuel María Diez, con la colaboración de Tomás Hutchinson.
250 ## - EDITION STATEMENT
Edition statement 7a. ed.
260 ## - PUBLICATION, DISTRIBUTION, ETC. (IMPRINT)
Place of publication, distribution, etc Buenos Aires :
Name of publisher, distributor, etc Plus Ultra,
Date of publication, distribution, etc 1994.
300 ## - DESCRIPCION FISICA
Extent 2 v.
500 ## - NOTA GENERAL
General note Notas y citas a pie de página.<br/>
505 ## - FORMATTED CONTENTS NOTE
Formatted contents note Contenido:<br/><br/>v. 1: Introducción -- El Estado y sus funciones -- La administración pública -- El derecho administrativo. Su cosificación. Método. Ciencia de la administración -- Relaciones del derecho administrativo -- Fuentes del derecho administrativo -- Organización administrativa -- Los sujetos en el derecho administrativo -- Organización administrativa argentina -- Delos hechos y actos administrativos -- Clasificación de los actos administrativos -- La formación del acto administrativo -- Elementos del acto administrativo -- Carácteres del acto administrativo -- Nulidad de los actos administrativos -- Los vicios del acto administrativo -- Del saneamiento y de la conversión de los actos administrativos -- De la extinción de los actos administrativos -- <br/><br/>v. 2:
650 #0 - ASIENTO SECUNDARIO DE MATERIA - TERMINO TEMATICO
Topical term or geographic name as entry element DERECHO ADMINISTRATIVO
9 (RLIN) 211
650 #0 - ASIENTO SECUNDARIO DE MATERIA - TERMINO TEMATICO
Topical term or geographic name as entry element ACTO ADMINISTRATIVO
9 (RLIN) 1171
650 #0 - ASIENTO SECUNDARIO DE MATERIA - TERMINO TEMATICO
Topical term or geographic name as entry element PROCEDIMIENTO ADMINISTRATIVO
9 (RLIN) 1135
700 ## - ADDED ENTRY--PERSONAL NAME
9 (RLIN) 71
Personal name Hutchinson, Tomás
Relator term colaborador
942 ## - ADDED ENTRY ELEMENTS (KOHA)
Source of classification or shelving scheme
Koha item type Libros
Classification part 342.9
Item part DIE
Existencias
Withdrawn status Lost status Source of classification or shelving scheme Damaged status Not for loan Permanent Location Current Location Date acquired Serial Enumeration / chronology Full call number Barcode Date last seen Price effective from Koha item type
          Biblioteca Poder Judicial Sur Biblioteca Poder Judicial Sur 2018-04-23 V. 1 342.9 DIE 1560 2018-04-23 2018-04-23 Libros
          Biblioteca Poder Judicial Sur Biblioteca Poder Judicial Sur 2018-04-23 V. 2 342.9 DIE 1548 2018-08-28 2018-04-23 Libros

12 de Octubre 789 Ushuaia - Tel:  54(02901)441571
Horario de Atención: 8.00 a 17.00 hs. 
bibliotecaush@justierradelfuego.gov.ar
koha@justierradelfuego.gov.ar
Seguinos en nuestras redes @bibliojustdf 

Con tecnología Koha